Catalog

Record Details

Catalog Search



Available copies

  • 1 of 1 copy available at LARL/NWRL Consortium.

Current holds

0 current holds with 1 total copy.

Show Only Available Copies
Location Call Number / Copy Notes Barcode Shelving Location Status Due Date
Moorhead Public Library C EAS (Text) 33500011394483 Main Available -

Record details

  • ISBN: 9780800733711 (pbk.)
  • ISBN: 0800733711 (pbk.)
  • Physical Description: 345 p. ; 22 cm.
  • Publisher: Grand Rapids, MI : Revell, c2011.
Subject: Murder > Investigation > Fiction.
Genre: Christian fiction.
Mystery fiction.
LDR 01143cam a22003378a 4500
001130633
003LARL_NWRL_CONSORTIUM
00520110429101934.0
008110113s2011 miu 000 1 eng
020 . ‡a9780800733711 (pbk.)
020 . ‡a0800733711 (pbk.)
035 . ‡a(OCoLC)664666612
08200. ‡a813/.6 ‡222
1001 . ‡aEason, Lynette. ‡0(LARL_NWRL_CONSORTIUM)215239
24512. ‡aA killer among us ‡n#3/ ‡cLynette Eason.
260 . ‡aGrand Rapids, MI : ‡bRevell, ‡cc2011.
300 . ‡a345 p. ; ‡c22 cm.
4900 . ‡aWomen of justice ; ‡vbk. 3
650 0. ‡aMurder ‡xInvestigation ‡vFiction. ‡0(LARL_NWRL_CONSORTIUM)166203
655 7. ‡aChristian fiction. ‡2gsafd
655 7. ‡aMystery fiction. ‡2gsafd
901 . ‡a130633 ‡bOCLC ‡c130633 ‡tbiblio

Additional Resources